书目信息 |
| 题名: |
技术教育与职业教育
|
|
| 作者: | ;教育部中等专业教育司 编 | |
| 分册: | ||
| 出版信息: | 北京 人民教育出版社 1982 |
|
| 页数: | 193页 | |
| 开本: | 21cm | |
| 丛书名: | 外国教育丛书 | |
| 单 册: | ||
| 中图分类: | G719.1 | |
| 科图分类: | ||
| 主题词: | 技术教育 , 职业教育 , 教育--类型 | |
| 电子资源: | ||
| ISBN: | ||
| 000 | 00814nam2 2200289 45 | |
| 001 | 0183011168 | |
| 005 | 20040429091404.2 | |
| 010 | @dCNY0.58 | |
| 091 | @a7012.0612 | |
| 100 | @a19950623e19831982emky0chiy0121 ea | |
| 101 | 0 | @achi |
| 102 | @aCN@b110000 | |
| 105 | @ay z 000yy | |
| 106 | @ar | |
| 200 | 10 | @a技术教育与职业教育@Aji shu jiao yu yu zhi ye jiao yu@f教育部中等专业教育司编 |
| 210 | @a北京@c人民教育出版社@d1982@h1983重印 | |
| 215 | @a193页@d21cm | |
| 225 | 2 | @a外国教育丛书 |
| 410 | 0 | @120010@a外国教育丛书 |
| 606 | @a技术教育 | |
| 606 | @a职业教育 | |
| 606 | 0 | @a教育@x类型 |
| 690 | @aG719.1 | |
| 711 | 02 | @a教育部中等专业教育司@Ajiao yu bu zhong deng zhuan ye jiao yu si@4编 |
| 801 | 0 | @aCN@b上海图书馆@c20040429 |
| 801 | 2 | @aCN@bNLC@c20040429 |
| 905 | @f2@b93713-714@dG719.1@e1 | |
| 技术教育与职业教育/教育部中等专业教育司编.-北京:人民教育出版社,1982(1983重印) |
| 193页;21cm.-(外国教育丛书) |
| ISBN :CNY0.58 |
| ● |
| 相关链接 |
|
|
|
|
正题名:技术教育与职业教育
索取号:G719.1/1
 
预约/预借
| 序号 | 登录号 | 条形码 | 馆藏地/架位号 | 状态 | 备注 |
| 1 | 0093713 | 001002649 | 密集书库/ [索取号:G719.1/1] | 在馆 | |
| 2 | 0093714 | 001002578 | 密集书库/ [索取号:G719.1/1] | 在馆 | |
| 3 | 0093715 | 001002630 | 第一样本阅览室/ [索取号:G719.1/1] | 在馆 |